Statistics for Neymar Quiz

Click here to take the quiz!

General Stats

  • This quiz has been taken 632 times
  • The average score is 6 of 15

Answer Stats

HintAnswer% Correct
Age?21
88%
His Nationality?Brazil
84%
Neymar's first club?Santos
78%
For which club Neymar plays for?Barcelona
78%
Full name of neymar?Neymar da Silva Santos Júnior
62%
Height in feet and inches5' 9"
49%
Neymar signed a contract with which Sports wear company?Nike
44%
How many goals he scored in FIFA CONFED CUP 2013?4
33%
What place he got in FIFA Ballon d'Or 2011?10
29%
Neymar scored his first international goal against which team?USA
19%
How many goals he scored with Brazil26
16%
Neymar scored his first competitive goal with barcelona against which team?Atletico madrid
13%
Which Award Neymar got in Confederations cup 2013?Golden ball
10%
Neymar's first international hat-trick against?China
9%
FIFA Award he won in 2011?FIFA Puskás Award
6%

Score Distribution

Percentile by Number Answered

Percent of People with Each Score

Your Score History

You have not taken this quiz